000 01262nam a2200349 i 4500
001 bg
100 1 _aPrzesmycka, Elżbieta.
245 1 0 _aArchitektura Lublina w malarstwie i rysunku =
_bLublin's architecture in paintings and drawings /
_c[tekst, red. Elżbieta Przesmycka ; wstęp Józef Kuczmaszewski ; tł. Klaudia Wengorek-Dolecka, Radosław Dolecki].
246 3 1 _aLublin's architecture in paintings and drawings
260 _aLublin :
_bWydawnictwo Politechniki Lubelskiej,
_c2006.
300 _a103 s. :
_bil. (gł. kolor.) ;
_c23 cm.
546 _aTekst równol. pol., ang.
650 9 _aArchitektura polska
_xikonografia
650 9 _aMalarstwo polskie
_y21 w.
650 9 _aRysunek polski
_y21 w.
651 9 _aLublin (woj. lubelskie)
_xStare Miasto
_xikonografia
655 _aAlbumy
700 1 _aKuczmaszewski, Józef
_d(1951- ).
_ePrzedm.
700 1 _aWengorek-Dolecka, Klaudia.
_eTł.
700 1 _aDolecki, Radosław.
_eTł.
015 _aPB 17586/2007
020 _a8374970081
020 _a9788374970082
040 _cBPK
041 1 _apoleng
_hpol
044 _aPOL
080 _a72(438)(084.1)A/Z
920 _a83-7497-008-1
920 _a978-83-7497-008-2
942 _cKS
008 070425s2006 pl a |000 0 pol
999 _c55048
_d55048